000
00341nam a22001577a 4500
003
SGT
020
_a
978-93-89261-51-9
082
_a
617.51
_b
D18B
100
_a
BANSAL, MOHAN
245
_a
DISEASES OF EAR, NOSE AND THROAT
250
_a
2ND
260
_a
INDIA
_b
JAYPEE
_c
2018
300
_a
744
650
_a
ENT
942
_2
ddc
_c
BK
_0
3
999
_c
15433
_d
15433